Енергията на дома (Запис номер 162606)
[ съкратено ]
| 000 -Лидер | |
|---|---|
| Контролно поле с фиксирана дължина | 02384nam a2200433 c 4500 |
| 003 - Код на организацията, давaща контролен номер | |
| Контролно поле | BLK |
| 005 - Дата и час на последна редакция | |
| Контролно поле | 20180422113850.0 |
| 008 - Елементи от данни с фиксирана дължина | |
| fixed length control field | 180410b bul|||||r ||||||| ||bul|| |
| 010 ## - Наследен системен номер | |
| LC control number | KNG00169985000 |
| 020 ## - Международен стандартен номер на книга ISBN | |
| Международен стандартен номер на книга ISBN | 978-619-153-022-9 |
| -- | издат.: Паритет |
| 040 ## - Източник на каталожния запис | |
| Идентификатор на билиотеката - собственик на записа | BLK |
| 041 ## - Код за език | |
| Код за езика на текст/звукозапис или на отделно заглавие | Български |
| Код за езика КДБФ | Български |
| 072 #7 - Код за тематичната категория | |
| Код организация | bullib |
| Код за тематична категория | Н10 |
| Текст | Философия Н |
| 072 #7 - Код за тематичната категория | |
| Код организация | bullib |
| Код за тематична категория | Н00 |
| Текст | Общ отдел Н |
| 080 ## - УДК | |
| Текстов определител УДК | Проблеми на окултното. Теории и системи на езотеричните дисциплини, които изясняват и интерпретират феномените и проблемите на окултното. Вж и 159.961; 291.3 |
| УДК код - определител по УДК | 133 |
| УДК определител | :728 |
| УДК - код + определител | 133:728 |
| 080 ## - УДК | |
| Текстов определител УДК | Разпространяване на научните знания - популяризиране на науката, занимателна наука, учение за явленията научно необяснени, заблуждения и фалшификации, илюзии и др. п., секретност на научните знания |
| УДК код - определител по УДК | 001.9 |
| УДК определител | |
| УДК - код + определител | 001.9 |
| 100 1# - Редна дума - Автор | |
| Автор | Киврин, Владимир Илич |
| Авторска отговорност | първи автор |
| R(LIN) | 78533 |
| 139 ## - Редно поле | |
| Редна дума | Киврин, Владимир Илич |
| Авторски знак | Кес - К 53 |
| 245 10 - Сведения за заглавието | |
| Заглавие | Енергията на дома |
| Подзаглавни данни | Създаване на хармонична реалност |
| Редно поле (дума) | Владимир Илич Киврин; прев. от рус. Горанка Цветкова. |
| 257 ## - Страна на издаване | |
| Страна на създаване/издаване | Русия |
| 260 ## - Област на издателските данни | |
| -- | София |
| Име на издателя, разпространителя и проч. | Паритет |
| Година на издаване | 2013 |
| Печатница | София : Анториери |
| 300 ## - Физическа характеристика | |
| Страници | 136 с. |
| Илюстрации и др. | с ил. |
| Размери/Мащаб | 20 см |
| 380 ## - Жанр | |
| Жанр | Философия |
| 500 ## - Общи забележки | |
| Забележка | Ориг. загл.: Энергетика дома. Создание гармоничний реальности / В. Киврин. - Името на прев. отбелязано на гърба на загл. с. |
| 650 #4 - Допълнително описание по предмет – тема | |
| Основно описание – тема или топоним | Фън шуй |
| 9 (RLIN) | 176310 |
| 650 #4 - Допълнително описание по предмет – тема | |
| Основно описание – тема или топоним | Жилища - хигиена |
| 9 (RLIN) | 323801 |
| 653 ## - Ключова дума – ненормативна | |
| Ключова дума | биополе |
| 653 ## - Ключова дума – ненормативна | |
| Ключова дума | аури |
| 653 ## - Ключова дума – ненормативна | |
| Ключова дума | медитация |
| 653 ## - Ключова дума – ненормативна | |
| Ключова дума | красота |
| 653 ## - Ключова дума – ненормативна | |
| Ключова дума | хармония |
| 659 ## - Тематичен бюлетин | |
| Тематичен бюлетин | Н |
| 700 1# - Други автори (авторска отговорност) | |
| Лично име | Цветкова, Горанка |
| Автороска отговорност (Описва отношението между автора и произведението) | прев. от рус. |
| 9 (RLIN) | 367409 |
| 852 ## - Местоположение | |
| Форматна сигнатура | Цб 272359 |
| 856 4# - Електронен адрес и достъп | |
| Електронен формат | pdf - файл |
| Път до файла /url/ | |
| 856 4# - Електронен адрес и достъп | |
| Електронен формат | pdf - файл |
| Път до файла /url/ | |
| 942 ## - АРТИКУЛИ | |
| Вид на библиотечния материал | Книги |
| Скрит в OPAC | Не |
| 944 ## - СЪЗДАВАНЕ И РЕДАКЦИЯ на ЗАПИСА | |
| Създаване/Редакция | Създаване |
| Дата на регистрацията/редакция | 23.01.2015 |
| Служител, извършил регистрацията/редакцията | Виолета_Тройчева |
| 944 ## - СЪЗДАВАНЕ И РЕДАКЦИЯ на ЗАПИСА | |
| Създаване/Редакция | Редакция |
| Дата на регистрацията/редакция | 15.06.2015 |
| Служител, извършил регистрацията/редакцията | Наталия_Медовщикова |
| 999 ## - СИСТЕМНИ КОНТРОЛНИ НОМЕРА | |
| Koha biblionumber | 162606 |
| Koha biblioitemnumber | 162606 |
| Код за отписване | Код за изгубен артикул | Код за повреда | Коз за рестрикции | Код за отдаване | Артикулен № | Име на библиотеката - собственик | Име на библиотеката, в която се намира в момента | Статус (Текущо местоположение) | Дата на вписване в системата | Местоположение - отдел | Цена в лева | Инвентарен номер | Систематично азбучна сигнатура | Баркод | Номер на екземпляра | Цена в евро | Служебна бележка | Служебен тип на артикула |
|---|---|---|---|---|---|---|---|---|---|---|---|---|---|---|---|---|---|---|
| Не е изгубен | Не е повреден | без рестрикции | ползва се в читалня | 271478 | Регионална библиотека "Любен Каравелов" Русе | Регионална библиотека "Любен Каравелов" Русе | Хранилище | 2015-01-26 | Хранилище | 8.99 | 120000784658 | Цб 272359 | 120000784658 | 1 | 4.60 | Дост: Dp Вид: Д N: 20 Дата: 17.04.2014 | Книги |